000 00250nam a2200097Ia 4500
001 709337
005 20250826162545.0
008 250824s9999 xx 000 0 und d
245 0 _aAKVARYUMDAKİ DENİZKIZI
_cMİYASE SERTBARUT
260 _bTUDEM YAYINLARI
999 _c709337
_d709337